000
00352nam a2200133Ia 4500
008
151001s9999||||xx |||||||||||||| ||und||
100
_a
देशपांडे खं
245
_a
दारी गुलाब फुलवा
250
_a
2
260
_b
केशरी प्रकाशन
260
_c
1974
300
_a
152
365
_b
18
999
_c
956861
_d
956858